| 000 | 00492nam a2200181 a 4500 | ||
|---|---|---|---|
| 005 | 20140412111236.0 | ||
| 008 | 001120s19uu xx 00 eng d | ||
| 020 | _a1-85270-018-1 | ||
| 050 |
_aTR(GS 372.4 _bS3 1987 |
||
| 100 | _aSalt, Jane | ||
| 245 |
_aGetting ready to read and write / _cJane Salt. |
||
| 260 |
_a[s.l.] : _bOctopus Pub. Grp, _c1987. |
||
| 300 | _a32 p. ; col. | ||
| 440 | _aThe Parent and child programme | ||
| 650 | _aReading | ||
| 650 | _aWriting | ||
| 999 |
_c102440 _d102440 |
||